书目信息 |
| 题名: |
KARL MARX
|
|
| 作者: | 艾伦·伍德 | |
| 分册: | ||
| 出版信息: |
|
|
| 页数: | 282页 | |
| 开本: | 20cm | |
| 丛书名: | ||
| 单 册: | ||
| 中图分类: | A71 | |
| 科图分类: | ||
| 主题词: | 马克思--生事迹 , 马克思--传记 , 恩格斯--生平事迹 , 恩格斯--传记 , 列宁--生平事迹 , 列宁--传记 , 毛泽东--生平事迹 , 毛泽东--传记 | |
| 电子资源: | ||
| ISBN: | ||
| 000 | 00651nam0 2200241 450 | |
| 001 | 202410291511286764 | |
| 005 | 20241029112016.34 | |
| 100 | @a20241029d km y0chiy0120 ea | |
| 101 | 0 | @achi |
| 200 | 1 | @aKARL MARX@f艾伦·伍德@FAi Lun·Wu De |
| 215 | @a282页@d20cm | |
| 606 | 0 | @a马克思@x生事迹 |
| 606 | 0 | @a马克思@x传记 |
| 606 | 0 | @a恩格斯@x生平事迹 |
| 606 | 0 | @a恩格斯@x传记 |
| 606 | 0 | @a列宁@x生平事迹 |
| 606 | 0 | @a列宁@x传记 |
| 606 | 0 | @a毛泽东@x生平事迹 |
| 606 | 0 | @a毛泽东@x传记 |
| 690 | @aA71@v4 | |
| 701 | 0 | @a艾伦·伍德@AAi Lun·Wu De |
| 801 | 0 | @aCN@b大连网信软件有限公司图书馆·11@c20241029 |
| 905 | @aZUCC@b169158@dA71@e287@f1 | |
| KARL MARX/艾伦·伍德 |
| 282页;20cm |
| ISBN : |
| ● |
| 相关链接 |
|
|
|
|
正题名:KARL MARX
索取号:A71/287
 
预约/预借
| 序号 | 登录号 | 条形码 | 馆藏地/架位号 | 状态 | 备注 |
| 1 | 169158 | 001691583 | 密集书库-史法系/ [索取号:A71/287] | 在馆 |